Ruské a sovietske reálie

Salvato in:
Dettagli Bibliografici
Autore principale: Sopira, Andrej
Natura: Libro
Lingua:slovacco
Pubblicazione: Bratislava VŠE 1984
Tags: Aggiungi Tag
Nessun Tag, puoi essere il primo ad aggiungerne!!

MARC

LEADER 00000nam a2200000 4500
001 c114731
005 20181219123351.2
041 0 |a slo 
044 |a SK 
245 1 0 |a Ruské a sovietske reálie  |c Andrej Sopira a kol. 
264 1 |a Bratislava  |b VŠE  |c 1984 
300 |a 283 s. 
100 1 |a Sopira, Andrej